000 00914nam a2200301Ia 4500
003 OSt
005 20220912150446.0
006 a|||||r|||| 00| 0
007 ta
008 220909b |||||||| |||| 00| 0 eng d
020 _a1860940803^bpbk
024 _a5833
037 _bR B C,
037 _cTextual
040 _aCSL
_beng
_cCSL
041 _aeng
082 _aC21, N8
100 _aDoniach S
245 0 _aGreen's funtions for solid state physicists: A reprint volume with additional material on the physics of correlated electron systems
260 _aLondon
_bImperial College Press
_c1998
300 _axv, 317p.
_ccm.
500 _aAppendix 1-2, 283-295p; Bibliography 296-308p; Index 312-317p
650 _a Solid state
650 _aPhysics
700 _a Sondheimer E H
942 _hC21, N8
_cTEXL
_2CC
999 _c47912
_d47912